[Event "POL-chT 2nd League"]
[Site "Mrzezyno"]
[Date "2011.09.03"]
[Round "1"]
[White "Bednarska, Malgorzata"]
[Black "Sygulska, Anna"]
[Result "1-0"]
[WhiteElo "2137"]
[BlackElo "1885"]
[PlyCount "97"]
[EventDate "2011.09.03"]
[EventType "team-swiss"]
[EventRounds "9"]
[EventCountry "POL"]
[SourceTitle "EXT 2015"]
[Source "ChessBase"]
[SourceDate "2014.11.20"]
[SourceVersion "1"]
[SourceVersionDate "2014.11.20"]
[SourceQuality "1"]
[WhiteTeam "Warszawa YMCA"]
[BlackTeam "Przemysl MKS Polonia"]
[WhiteTeamCountry "POL"]
[BlackTeamCountry "POL"]

1. e4 c5 2. Nf3 Nc6 3. d4 cxd4 4. Nxd4 d5 5. Nxc6 bxc6 6. exd5 Qxd5 7. Nc3 Qxd1+ 8. Nxd1 e5 9. Ne3 Be6 10. Bc4 Ke7 11. Bd2 f5 12. Bb4+ Kf6 13. Bxf8 Rxf8 14. 0-0-0 Bxc4 15. Nxc4 Re8 16. Rd7 Re7 17. Rhd1 f4 18. R1d6+ Kf5 19. Rd8 Re6 20. Rxe6 Kxe6 21. Re8+ Kd7 22. Ra8 Ke6 23. Rxa7 Nf6 24. Rxg7 h5 25. f3 Ra8 26. a3 Rd8 27. a4 Nd5 28. Rg6+ Nf6 29. b3 Kf5 30. Rg7 e4 31. fxe4+ Kxe4 32. a5 Ng4 33. a6 Ne3 34. Nb6 Nd5 35. Nxd5 Rxd5 36. b4 Rd8 37. Kb2 Ra8 38. a7 h4 39. h3 Ke3 40. c4 Kf2 41. b5 cxb5 42. cxb5 Rxa7 43. Rxa7 Kxg2 44. b6 f3 45. Rf7 f2 46. b7 f1Q 47. Rxf1 Kxf1 48. b8Q Kg2 49. Qb3 1-0

[Event "POL-ch U18 Girls"]
[Site "Leba"]
[Date "2008.03.31"]
[Round "4"]
[White "Kotula, Oktawia"]
[Black "Sygulska, Anna"]
[Result "0-1"]
[WhiteElo "1660"]
[BlackElo "1896"]
[PlyCount "90"]
[EventDate "2008.03.29"]
[EventType "swiss"]
[EventRounds "11"]
[EventCountry "POL"]
[SourceTitle "CBM 123 Extra"]
[Source "ChessBase"]
[SourceDate "2008.05.06"]
[SourceVersion "1"]
[SourceVersionDate "2008.05.06"]
[SourceQuality "1"]

1. c4 g6 2. d4 Nf6 3. Nc3 Bg7 4. Nf3 0-0 5. Bg5 d6 6. e3 c5 7. Bd3 Bg4 8. h3 Bxf3 9. Qxf3 Nc6 10. dxc5 Ne5 11. Qe2 Nxd3+ 12. Qxd3 dxc5 13. Qxd8 Rfxd8 14. 0-0 Rd7 15. Rad1 Rad8 16. Rxd7 Rxd7 17. b3 e6 18. e4 b6 19. Re1 Rd3 20. Nb5 Rd7 21. Bf4 Ne8 22. e5 a6 23. Nc3 Bf8 24. h4 Kg7 25. Re3 Be7 26. h5 g5 27. Rg3 Kh6 28. Be3 Kxh5 29. Ne4 h6 30. f4 Rd3 31. fxg5 hxg5 32. Nxg5 Rxe3 33. Rxe3 Bxg5 34. Rd3 b5 35. cxb5 axb5 36. Kf2 Kg6 37. Rc3 Be7 38. g4 Nc7 39. Rd3 Nd5 40. a4 c4 41. bxc4 bxc4 42. Rd1 c3 43. Rc1 Ba3 44. Rc2 Bb2 45. Ke2 Nb4 0-1

[Event "POL-chT2 U20 Girls"]
[Site "Lublin"]
[Date "2007.07.09"]
[Round "3"]
[White "Gondko, Katarzyna"]
[Black "Sygulska, Anna"]
[Result "0-1"]
[WhiteElo "1821"]
[BlackElo "1853"]
[PlyCount "148"]
[EventDate "2007.07.07"]
[EventType "team-tourn"]
[EventRounds "11"]
[EventCountry "POL"]
[SourceTitle "EXT 2010"]
[Source "ChessBase"]
[SourceDate "2010.11.25"]
[SourceVersion "1"]
[SourceVersionDate "2010.11.25"]
[SourceQuality "1"]

1. e4 c5 2. Nf3 Nc6 3. Bb5 g6 4. 0-0 Bg7 5. Re1 Nf6 6. c3 0-0 7. d4 cxd4 8. cxd4 d6 9. h3 Bd7 10. Nc3 Rc8 11. Be3 a6 12. Bf1 b5 13. d5 Na5 14. Nd2 Nb7 15. f4 Nc5 16. e5 Ne8 17. b4 Nd3 18. Bxd3 Rxc3 19. Nf3 Qc8 20. Qe2 dxe5 21. fxe5 Bf5 22. Bxf5 Qxf5 23. Bc5 Qd7 24. Rad1 a5 25. Qb2 axb4 26. Qxb4 Rc4 27. Qa3 Ra4 28. Qb3 Rc4 29. Ba3 Ra4 30. Kh1 Qa7 31. Rd3 Rf4 32. Qxb5 Qf2 33. Qb1 Qa7 34. Rc1 Re4 35. Re1 Rxe1+ 36. Qxe1 Qa6 37. Rb3 Qa7 38. Qb4 Qf2 39. Rb2 Qf1+ 40. Kh2 Nc7 41. Qd2 Re8 42. Rb7 Qc4 43. Qc1 Qxc1 44. Bxc1 Nxd5 45. Rd7 Nb6 46. Rb7 Nc4 47. Rc7 Nxe5 48. Bf4 Nxf3+ 49. gxf3 e5 50. Be3 e4 51. Kg2 Ra8 52. Rc2 exf3+ 53. Kxf3 Bf6 54. Bc1 Kg7 55. a3 Ra4 56. Ra2 Rc4 57. Bd2 Rh4 58. Kg2 Ra4 59. Bb4 h5 60. Rd2 Be5 61. Rd5 Bb2 62. Rd3 g5 63. Rg3 Kg6 64. Rb3 Be5 65. Re3 f6 66. Rf3 Ra6 67. Rf2 Bd6 68. Bxd6 Rxd6 69. a4 Ra6 70. Ra2 Ra5 71. Kf3 Kf5 72. Ke3 g4 73. h4 Ke5 74. Ra3 f5 0-1

[Event "CFriend MZ-2004-6-00002 email"]
[Site "Chessfriend.com"]
[Date "2004.08.28"]
[Round "1"]
[White "Chambers, Chris"]
[Black "Sygulska, Anna"]
[Result "1-0"]
[WhiteElo "1909"]
[BlackElo "1598"]
[PlyCount "21"]
[EventDate "2004.??.??"]
[EventType "tourn (corr)"]
[EventRounds "6"]
[SourceTitle "Corr 2024"]
[Source "ChessBase"]
[SourceDate "2023.10.19"]
[SourceVersion "1"]
[SourceVersionDate "2023.10.19"]
[SourceQuality "1"]

1. e4 c5 2. Nf3 Nc6 3. Bb5 g6 4. 0-0 Bg7 5. Re1 a6 6. Bxc6 bxc6 7. e5 d5 8. exd6 Qxd6 9. d3 Nf6 10. Nbd2 0-0 11. Nc4 1-0

[Event "CFriend AP-2004-Q-00014 email"]
[Site "Chessfriend.com"]
[Date "2004.07.10"]
[Round "?"]
[White "Noble, Mark Frederick"]
[Black "Sygulska, Anna"]
[Result "1-0"]
[WhiteElo "1941"]
[BlackElo "1800"]
[PlyCount "61"]
[EventDate "2004.??.??"]
[EventType "tourn (corr)"]
[EventRounds "12"]
[SourceTitle "Corr 2008"]
[Source "ChessBase"]
[SourceDate "2008.06.24"]
[SourceVersion "1"]
[SourceVersionDate "2008.06.24"]
[SourceQuality "1"]

1. d4 d6 2. e4 c5 3. Nf3 cxd4 4. Nxd4 Nf6 5. Nc3 e6 6. Be2 Be7 7. 0-0 a6 8. f4 Nbd7 9. Bf3 0-0 10. Be3 Qc7 11. Qe1 Nb6 12. Rd1 Nc4 13. Bc1 e5 14. fxe5 dxe5 15. Nb3 Bb4 16. Be2 Bg4 17. Rxf6 Bxc3 18. bxc3 Bxe2 19. Qxe2 gxf6 20. Bh6 f5 21. Bxf8 Rxf8 22. exf5 b5 23. Rd3 Qb6+ 24. Qf2 Qxf2+ 25. Kxf2 Rc8 26. Rd5 Rc6 27. g4 e4 28. h4 h6 29. Rc5 Rb6 30. Nd4 h5 31. g5 1-0